The higher arithmetic : (Record no. 6836)
[ view plain ]
| 000 -LEADER | |
|---|---|
| fixed length control field | 00827cam a22002651 4500 |
| 001 - CONTROL NUMBER | |
| control field | 6836 |
| 003 - CONTROL NUMBER IDENTIFIER | |
| rucl marc code | BD-RjUL |
| 005 - DATE AND TIME OF LATEST TRANSACTION | |
| control field | 20211208234325.0 |
| 008 - FIXED-LENGTH DATA ELEMENTS--GENERAL INFORMATION | |
| fixed length control field | 140112s1962 nyu 001 0 eng c |
| 035 ## - SYSTEM CONTROL NUMBER | |
| System control number | (BD-RjUL)6878 |
| System control number | (OCoLC)1019444 |
| 040 ## - CATALOGING SOURCE | |
| Original cataloging agency | Indiana. Univ. Libr. |
| Transcribing agency | OYU |
| Modifying agency | OCoLC |
| -- | Uk |
| -- | DLC |
| -- | BD-RjUL |
| Language of cataloging | eng |
| 041 ## - LANGUAGE CODE | |
| Language code of text/sound track or separate title | eng |
| 082 ## - DEWEY DECIMAL CLASSIFICATION NUMBER | |
| Edition number | 22 |
| Classification number | 512 |
| Author mark and year | DAH 1962 |
| 100 1# - MAIN ENTRY--PERSONAL NAME | |
| Personal name | Davenport, Harold |
| Dates associated with a name | 1907- |
| 9 (RLIN) | 21479 |
| 245 14 - TITLE STATEMENT | |
| Title | The higher arithmetic : |
| Remainder of title | an introduction to the theory of numbers / |
| Statement of responsibility, etc. | Harold Davenport |
| 260 ## - PUBLICATION, DISTRIBUTION, ETC. (IMPRINT) | |
| Place of publication, distribution, etc. | New York : |
| Name of publisher, distributor, etc. | Hutchinson House , |
| Date of publication, distribution, etc. | c1962 |
| 300 ## - PHYSICAL DESCRIPTION | |
| Pagination | 172 p. ; |
| Size | 18 cm. |
| 490 0# - SERIES STATEMENT | |
| Series statement | Hutchinson's university library. Mathematical and physical sciences |
| 504 ## - BIBLIOGRAPHY, ETC. NOTE | |
| Bibliography, etc | Includes index. |
| 650 #0 - SUBJECT ADDED ENTRY--TOPICAL TERM | |
| Topical term or geographic name as entry element | Arithmetic. |
| 9 (RLIN) | 21480 |
| 942 ## - ADDED ENTRY ELEMENTS (KOHA) | |
| Source of classification or shelving scheme | Dewey Decimal Classification |
| Koha item type | Books |
| Lost status | Source of classification or shelving scheme | Damaged status | Not for loan | Collection code | Permanent Location | Current Location | Shelving location | Date acquired | Source of acquisition | Cost, normal purchase price | Total Checkouts | Full call number | Date last seen | Copy number | Koha item type |
|---|---|---|---|---|---|---|---|---|---|---|---|---|---|---|---|
| Dewey Decimal Classification | Not For Loan | Non-fiction | Central Library, University of Rajshahi | Central Library, University of Rajshahi | 29/01/1963 | Zeitlinger | 12.60 | 512 DAH 1962 | 12/01/2014 | C-1 | Books |